书目信息 |
| 题名: |
复制技术
|
|
| 作者: | 伊瓦诺夫 著 ;克陈 , 魏明康 , 刘少华 译 | |
| 分册: | ||
| 出版信息: | 北京 科学出版社 1985 |
|
| 页数: | 356页 | |
| 开本: | 19cm | |
| 丛书名: | ||
| 单 册: | ||
| 中图分类: | G357 | |
| 科图分类: | ||
| 主题词: | 文献复制--设备 , 文献复制--方法 | |
| 电子资源: | ||
| ISBN: | ||
| 000 | 00939nam0 2200289 45 | |
| 001 | 0185003335 | |
| 005 | 20060809085200.20 | |
| 010 | @dCNY2.65 | |
| 091 | @a15031.639 | |
| 100 | @a19900816d1985 em y0chiy0121 ea | |
| 101 | 1 | @achi@crus |
| 102 | @aCN@b110000 | |
| 105 | @ay z 000yy | |
| 200 | 10 | @a复制技术@Afu zhi ji shu@e复制和翻印文献的方法和设备@EFu Zhi He Fan YinWen Xian De Fang Fa He She Bei@f(苏)Р·Н·伊瓦诺夫著@F(Su)Р·Н·Yi Wa Nuo Fu Zhu@g刘少华等译 |
| 210 | @a北京@c科学出版社@d1985 | |
| 215 | @a356页@d19cm | |
| 517 | @a复制和翻印文献的方法和设备@AFu Zhi He Fan Yin Wen Xian De Fang Fa He She Bei | |
| 606 | 0 | @a文献复制@x设备 |
| 606 | @a文献复制@x方法 | |
| 690 | @aG357@v3 | |
| 701 | 0 | @a伊瓦诺夫@4著 |
| 702 | 0 | @a克陈@Ake chen@4译 |
| 702 | 0 | @a魏明康@Awei ming kang@4译 |
| 702 | 0 | @a刘少华@Aliu shao hua@4译 |
| 801 | 2 | @aCN@bNLC@c20060809 |
| 801 | 0 | @aCN@b深圳图书馆@c20040430 |
| 905 | @dG357@e11 | |
| 复制技术:复制和翻印文献的方法和设备/(苏)Р·Н·伊瓦诺夫著/刘少华等译.-北京:科学出版社,1985 |
| 356页;19cm |
| ISBN :CNY2.65 |
| ● |
| 相关链接 |
|
|
|
|
正题名:复制技术
索取号:G357/11
 
预约/预借
| 序号 | 登录号 | 条形码 | 馆藏地/架位号 | 状态 | 备注 |
| 1 | 0127597 | 000985376 | 密集书库/ [索取号:G357/11] | 在馆 | |
| 2 | 0127598 | 000985786 | 密集书库/ [索取号:G357/11] | 在馆 | |
| 3 | 0127599 | 000985848 | 密集书库/ [索取号:G357/11] | 在馆 | |
| 4 | 0127600 | 000985777 | 第一样本阅览室/ [索取号:G357/11] | 在馆 | |
| 5 | 0127601 | 000985385 | 密集书库/ [索取号:G357/11] | 在馆 | |
| 6 | 0449933 | 204499337 | 密集书库/ [索取号:G357/11] | 在馆 |